[Event "AUT-chT District U18 Online Rapid"]
[Site "Playchess.com INT"]
[Date "2020.12.12"]
[Round "6"]
[White "Giselbrecht, Leefke"]
[Black "Hoerfarter, Alexander"]
[Result "0-1"]
[WhiteElo "1453"]
[BlackElo "1356"]
[PlyCount "82"]
[EventDate "2020.12.12"]
[EventType "team-swiss (rapid)"]
[EventRounds "9"]
[EventCountry "AUT"]
[SourceTitle "EXT 2022"]
[Source "ChessBase"]
[SourceDate "2021.10.06"]
[SourceVersion "1"]
[SourceVersionDate "2021.10.06"]
[SourceQuality "1"]

1. e4 e5 2. Bc4 Bc5 3. Nf3 Nf6 4. d3 d6 5. 0-0 0-0 6. c3 c6 7. Nbd2 Nbd7 8. Re1 Re8 9. Nf1 Nf8 10. Ng3 Ng6 11. d4 exd4 12. cxd4 Bb6 13. Qb3 d5 14. exd5 cxd5 15. Rxe8+ Qxe8 16. Bxd5 Nxd5 17. Qxd5 Bg4 18. Be3 Bxf3 19. Qxf3 Qb5 20. Rb1 Qa5 21. a3 Qa4 22. Qxb7 Rd8 23. Nf5 Qc2 24. Rc1 Qxf5 25. h3 h6 26. Qc6 Qd7 27. Qc4 Ne7 28. Rd1 Qc8 29. Qb4 Nd5 30. Qb3 Nxe3 31. Qxe3 Qc4 32. Qf3 Rxd4 33. Rxd4 Qxd4 34. Qa8+ Kh7 35. Qf3 f6 36. Qf5+ Kh8 37. Qc8+ Kh7 38. Qf5+ g6 39. Qe6 Qxf2+ 40. Kh2 Bc7+ 41. Kh1 Qf1# 0-1

[Event "AUT-ch U12"]
[Site "St Veit"]
[Date "2019.06.08"]
[Round "2.7"]
[White "Guba, Viktor"]
[Black "Hoerfarter, Alexander"]
[Result "1-0"]
[WhiteElo "1221"]
[BlackElo "1256"]
[PlyCount "67"]
[EventDate "2019.06.08"]
[EventType "swiss"]
[EventRounds "7"]
[EventCountry "AUT"]
[SourceTitle "EXT 2024"]
[Source "ChessBase"]
[SourceDate "2023.10.10"]
[SourceVersion "1"]
[SourceVersionDate "2023.10.10"]
[SourceQuality "1"]

1. e4 e5 2. Nf3 Nc6 3. Bc4 Bc5 4. c3 Nf6 5. d3 d6 6. Bg5 h6 7. Bh4 g5 8. Bg3 Bg4 9. Nbd2 Qe7 10. h3 Bh5 11. Qe2 a6 12. Nf1 Qd7 13. Bb3 Ba7 14. Ne3 Bb6 15. Nd5 Nxd5 16. Bxd5 Ne7 17. Bxb7 Ra7 18. Bd5 Nxd5 19. exd5 Qb5 20. c4 Qb4+ 21. Qd2 Qc5 22. b4 Ba5 23. bxc5 Bxd2+ 24. Nxd2 dxc5 25. Bxe5 0-0 26. 0-0 Re8 27. f4 Be2 28. Rfe1 Bxd3 29. fxg5 hxg5 30. Bf6 Rb8 31. Re7 Rb4 32. d6 Ra8 33. d7 Rd8 34. Re8+ 1-0